000 01155nam a2200277Ia 4500
003 OSt
005 20221005105753.0
006 a|||||r|||| 00| 0
007 ta
008 221004b |||||||| |||| 00| 0 hin d
020 _a9788173093326 (pbk)
_c50
024 _a13489
037 _b1136, 20/03/2014, Anamika Publishers & Distributors Pvt. Ltd.
_cTextual
040 _aCRL
_cCRL
_bhin
041 _2hin
_ahin
082 _aV2:5.N5, 152Q0
100 _aमुखर्जी, राधा कुमुद
245 0 _aभारत की मूलभूत एकता
246 _aBhārat kī mūlabhūt ekatā
260 _aनई दिल्ली
_bसस्ता साहित्य मण्डल प्रकाशन भारत
_c2010
300 _a136पृ0
_ccm.
650 _aविश्व-इतिहास
700 _a विपिन कुमार, अनु.
942 _hV2:5.N5, 152Q0
_cTEXL
_2cc
999 _c1016857
_d1016857